书目信息 |
| 题名: |
外语课程与教学论
|
|
| 作者: | 吕良环 主编 | |
| 分册: | ||
| 出版信息: | 杭州 浙江教育出版社 2003 |
|
| 页数: | 248页 | |
| 开本: | 24cm | |
| 丛书名: | 新课程学科教学论丛书 | |
| 单 册: | ||
| 中图分类: | G633.4 | |
| 科图分类: | ||
| 主题词: | 外语--教学研究--中小学 | |
| 电子资源: | ||
| ISBN: | 7-5338-4835-7 | |
| 000 | 01056oam2 2200265 45 | |
| 001 | 002546258 | |
| 005 | 20050413084609.5 | |
| 010 | @a7-5338-4835-7@dCNY23.90 | |
| 100 | @a20031231d2003 kemy0chiy0110 ea | |
| 101 | 0 | @achi@aeng |
| 102 | @aCN@b330000 | |
| 105 | @ay z 000yy | |
| 200 | 1 | @a外语课程与教学论@Awai yu ke cheng yu jiao xue lun@f吕良环主编@FLu Liang Huan Zhu Bian |
| 210 | @a杭州@c浙江教育出版社@d2003 | |
| 215 | @a248页@d24cm | |
| 225 | 2 | @a新课程学科教学论丛书@f钟启泉主编 |
| 300 | @a国家教育部普通高等学校人文社会科学重点研究基地华东师范大学课程与教学研究所研究项目 | |
| 330 | @a本书对外语课程与教学进行论述与研究,分为十一章,包括外语教学的发展、新中国中学英语教学大纲的演进、外语听力教学、外语“说”的教学、外语阅读教学、外语“写”的教材、新课程与外语教师、双语教育研究等内容。 | |
| 410 | @1700 0@a钟启泉@AZhong Qi Quan@4主编 | |
| 410 | @12001 @a新课程学科教学论丛书 | |
| 606 | 0 | @a外语@x教学研究@x中小学 |
| 690 | @aG633.4@v4 | |
| 701 | 0 | @a吕良环@4主编 |
| 801 | 0 | @aCN@bNLC@c20040304 |
| 905 | @f5@b348798-802@dG633.4@e117 | |
| 外语课程与教学论/吕良环主编.-杭州:浙江教育出版社,2003 |
| 248页;24cm.-(新课程学科教学论丛书/钟启泉主编) |
| 国家教育部普通高等学校人文社会科学重点研究基地华东师范大学课程与教学研究所研究项目 |
| ISBN 7-5338-4835-7:CNY23.90 |
| 本书对外语课程与教学进行论述与研究,分为十一章,包括外语教学的发展、新中国中学英语教学大纲的演进、外语听力教学、外语“说”的教学、外语阅读教学、外语“写”的教材、新课程与外语教师、双语教育研究等内容。 |
| ● |
| 相关链接 |
|
|
|
|
正题名:外语课程与教学论
索取号:G633.4/117
 
预约/预借
| 序号 | 登录号 | 条形码 | 馆藏地/架位号 | 状态 | 备注 |
| 1 | 0348798 | 203487985 | 第一样本阅览室/ [索取号:G633.4/117] | 在馆 | |
| 2 | 0348799 | 203487994 | 第四借阅区/ [索取号:G633.4/117] | 在馆 | |
| 3 | 0348800 | 203488001 | 第四借阅区/ [索取号:G633.4/117] | 在馆 | |
| 4 | 0348801 | 203488010 | 第四借阅区/ [索取号:G633.4/117] | 在馆 | |
| 5 | 0348802 | 203488029 | 第四借阅区/ [索取号:G633.4/117] | 在馆 |